|
|
|
|
| LEADER |
00000nab a2200000 a 4500 |
| 001 |
vtls000427973 |
| 003 |
SK-MaSNL |
| 005 |
20260303220507.0 |
| 008 |
230120c1991 xo 0 slo |
| 015 |
|
|
|a SNBRB19rr/mm-uuuuu
|
| 035 |
|
|
|a CL0428101
|
| 035 |
|
|
|a urn:nbn:sk:snk-ab25jd
|
| 035 |
|
|
|a (urnnbn)urn:nbn:sk:snk:ar-a01out
|
| 035 |
|
|
|a (uuid)ad533c40-eb7e-4bd5-9321-b8d50b8ab771
|
| 040 |
|
|
|a SNKBUCL
|b slo
|c SNKBUCL
|e AACR2
|
| 041 |
0 |
|
|a slo
|
| 044 |
|
|
|a xo
|c SK
|
| 080 |
|
|
|a 78.091.4:786.2
|2 1981
|
| 080 |
|
|
|a 786.2
|2 1981
|
| 100 |
1 |
|
|a Cenková, Klára
|4 aut
|9 1253679
|
| 245 |
1 |
0 |
|a Naše nádeje v Marsale
|c Klára Cenková
|
| 650 |
0 |
7 |
|a hra na klavíri
|2 snkbucl
|9 16125
|
| 655 |
|
7 |
|a články z novín a časopisov
|2 snkbucl
|9 267496
|
| 773 |
0 |
|
|t Hudobný život 91
|g Roč. 23, č. 16 (1991), s. 7
|
| 850 |
|
|
|a Slovenská národná knižnica v Martine
|a MTA001
|
| 852 |
|
|
|a SNK
|b KIS3GCP
|
| 954 |
|
|
|a odborná, vedecká literatúra pôvodná (slovenská)
|2 lita
|
| 958 |
|
|
|a OND
|
| 958 |
|
|
|a RK
|
| 958 |
|
|
|a EUIPO
|
| 958 |
|
|
|a article27
|
| 992 |
|
|
|a RBX
|
| 999 |
|
|
|c 2227473
|d 2229403
|